Statistics for DOOM Monsters (Playstation /PC)

Click here to take the quiz!

General Stats

  • This quiz has been taken 139 times
  • The average score is 12 of 18

Answer Stats

HintAnswer% Correct
Brown human sized monster, uses fireballs to attackImp
94%
Hardest enemy to kill, uses rockets to attackCyberdemon
84%
Like the above, but stronger and pink instead of brownBaron of Hell
81%
Floating red head with one eye, one of the more common larger enemiesCacodemon
79%
Light brown creature that shows similarites to a goatHell Knight
75%
Easy to kill 'human' type enemyZombieman
75%
Small demon covered in fire (mentioned above)Lost Soul
74%
Very large/fat creature that hurls fireballs from its flamethrowersMancubus
74%
Armour covered skeleton that uses homing missilesRevenant
73%
Like the above, but partially see through and slightly strongerSpectre
64%
Fast running pink monster that bites you when near it, easily chainsawedDemon
63%
Floating brown head that fires small hissing creaturesPain Elemental
60%
Has the power to resurrect lower quality enemies whilst using flames to attackArch-Vile
59%
Appears in just one level, its brain is the focus of the attackIcon of Sin
53%
Uses plasma to attack you... it also has 8 legsArachnotron
49%
Like the above, but equipped with a stronger weaponShotgun Guy
46%
Similar to the above but is far superior with its heavy chain-gunSpiderdemon
42%
Like the above again, but uses an automatic weaponHeavy Weapon Dude
40%

Score Distribution

Percentile by Number Answered

Percent of People with Each Score

Your Score History

You have not taken this quiz